00775nac a22002417a 4500001001000000003000900010005001700019008003400036040005400070072000800124110008100132245007700213260004200290300001000332490007600342500001900418650002600437650001500463650002100478650001500499650001000514650000900524BR7000955BR-BrBNA20240105113410.0230509b bl.|||m| |||| 00| 0 por d aBR-BrBNAbporcBiblioteca Nacional de Agricultura aE701 aFundacao Instituto Brasileiro de Geografia e Estatistica, Rio de Janeiro, GB1 aComercio interestadual, exportacao por vias internas. Para 1969 [Brasil]3 aRio de Janeiro, GB (Brasil): c1970.  a38 p. aComercio Interestadual. Exportacao por Vias Internas. Para (Brazil)vx aNumerical data aESTATISTICA COMERCIAL aMERCADORIA aPRODUTO AGRICOLA aEXPORTACAO aPRECO aPARA